Les métamorphoses

Bewaard in:
Bibliografische gegevens
Hoofdauteur: Ovidio Nasón, Publio (auteur)
Formaat: Boek
Taal:Frans
Latijn
Gepubliceerd in: París Granier Frères 1953
Reeks:Classiques Garnier
Onderwerpen:
Tags: Voeg label toe
Geen labels, Wees de eerste die dit record labelt!

MARC

LEADER 00000nam a2200000 a 4500
001 UCM7087
003 CL-VaPUC
008 021129e19530000FR |||||||||||||||||fre|d
041 0 7 |a fre  |2 CL-VaPUC 
041 0 7 |a lat  |2 CL-VaPUC 
082 0 4 |a 871  |b OVI  |2 21 
100 |a Ovidio Nasón, Publio  |e auteur  |9 347163 
245 1 4 |a Les métamorphoses 
300 |a v 
942 |c BK 
945 |d 20021129 00:00:00  |a cmena 
260 |a París  |b Granier Frères  |c 1953 
650 7 |a POESIAS LATINAS  |2 CL-VaPUC  |9 472812 
650 0 |a Oratoria latina  |9 266621 
650 0 |a Literatura latina   |9 258055 
583 |a last modification  |c 20120618 11:02:57  |k Rodrigo Vera 
490 0 |a Classiques Garnier 
999 |c 302122  |d 302120 
952 |0 0  |1 0  |4 0  |6 871_000000000000000_OVI_1953  |7 0  |8 DER_ROM  |9 362166  |a BIBDER  |b BIBDER  |d 2019-11-21  |h v.1  |i 3864529  |o 871 OVI 1953  |p 3864529  |r 2023-01-25  |w 2019-11-21  |x Ubicación 4to piso  |y BK  |z Este recurso debe solicitarse con anticipación  |k DER